000
00218nam a22000857a 4500
999
_c
11080
_d
11080
008
180824b ||||| |||| 00| 0 eng d
100
_a
Arora,S.L.
_9
6856
245
_a
Physics-XI
260
_a
New Delhi
_b
Dhanpat Rai & Co
_c
2018